=LDR 00000nam 2200000 4500 =001 INLIS000000000024283 =005 20130612122900 =008 ***********************************Ind** =035 ##$$0010-061300000024283 =041 ##$$a Ind =082 ##$$a 657.4 =090 ##$$a 657.4, Hal a =100 ##$$a Halim, Abdul =245 ##$$a Auditing dan sistem informasi, (isu-isu dampak teknologi informasi), Abdul Halim =260 ##$$a 2004 $b Yogyakarta =300 ##$$a xii, 287 hlm, 29 cm =650 ##$$a Auditing =850 ##$$a NBPNMAT